| 000 | 01055nam0a22003011 4500 | ||
|---|---|---|---|
| 001 | rc\4118904 | ||
| 005 | 20250611100402.0 | ||
| 021 |
_aRU _b[53-7214] |
||
| 035 | _a(NLR Aleph) 008150986 | ||
| 090 |
_a7779022 _c7779022 |
||
| 100 | _a20130415d1953 |||y0rusy50 ca | ||
| 101 | 0 | _arus | |
| 102 | _aRU | ||
| 105 | _aa z ||||| | ||
| 200 | 1 | _aИскусственное осеменение коров | |
| 205 | _a2-е изд. | ||
| 210 |
_aМосква _cСельхозгиз _d1953 |
||
| 215 |
_a104 с. _cил. _d20 |
||
| 300 | _aПеред загл. авт.: Ф.В. Ожин, И.И. Родин, Д.В. Смирнов-Угрюмов | ||
| 606 |
_aКоровы _xИскусственное осеменение _2psbo |
||
| 700 | 1 |
_aОжин _bФ.В. _gФедор Васильевич |
|
| 701 | 1 |
_aРодин _bИ.И. _gИлья Ильич |
|
| 701 | 1 |
_aСмирнов-Угрюмов _bД.В. _gДмитрий Викторович |
|
| 801 | 0 |
_aRU _bNLR _gpsbo |
|
| 801 | 1 |
_aRU _bELAR _2rusmarc |
|
| 852 |
_aNLR _jС90 Г-3/349 |
||
| 942 | _cBOOK | ||
| 980 | _aNB | ||